000 00257nam a2200097Ia 4500
001 920754
005 20250826191413.0
008 250824s9999 xx 000 0 und d
245 0 _aGÖKTANRININ ÇOCUKLARI
_cAHMET HALDUN TERZİOĞLU
260 _bPANAMA YAYINLARI
999 _c920754
_d920754